000 00403nam a2200157 i 4500
001 73881
003 ES-MaACL
005 20230906171941.0
007 t|
008 040913s1969 sp ||||1| spa d
100 1 _aGomis, Lorenzo.
_958211
245 1 0 _aCámara lenta /
_cLorenzo Gomis.
260 _aBarcelona :
_bTaber,
_c[1969]
300 _a217 p. ;
_c19 cm.
852 _aES-MaACL
_jC-35615
_bR.68907
999 _c73881
_d73881